Famous Franks - Statistics

General Stats
  • This quiz has been taken 42 times
  • The average score is 13 of 28
Answer Stats
Clue Which Frank? % Correct
Wrote a diary Anne Frank
97%
"Queen of Soul" Aretha Franklin
86%
Lead singer of The Four Seasons Frankie Valli
80%
4-term US president Franklin D Roosevelt
77%
Nicknamed "Chairman of the Board" Frank Sinatra
77%
One of the US Founding Fathers Benjamin Franklin
71%
80s New Wave band who said to "Relax" Frankie Goes to Hollywood
69%
Muppeteer who brought Yoda to life Frank Oz
66%
The only member of ZZ Top who (ironically) doesn't have one Frank Beard
60%
Lead singer of the Mothers of Invention Frank Zappa
57%
Director of "It's a Wonderful Life" Frank Capra
49%
Unpleasant major from the TV show "M*A*S*H" Frank Burns
46%
Architect who designed NYC's Guggenheim Museum Frank Lloyd Wright
43%
Tim Curry's character in "The Rocky Horror Picture Show" Dr. Frank-N-Furter
40%
Handsome young US president who completed the Gadsden Purchase Franklin Pierce
40%
Author of "Dune" Frank Herbert
37%
Jerry Stiller's short-fused character on "Seinfeld" Frank Costanza
34%
He was the title character in "Malcolm in the Middle" Frankie Muniz
34%
Leslie Nielsen's clueless police detective in the "Naked Gun" Frank Drebin
31%
Monday Night Football announcer Frank Gifford
31%
Subject of the Leonardo DiCaprio movie "Catch Me If You Can' Frank Abagnale, Jr.
26%
The only baseball player to win MVP awards in both the AL and NL Frank Robinson
23%
Baseball player nicknamed "The Big Hurt" Frank Thomas
23%
William H Macy's annoying character on "Shameless" Frank Gallagher
20%
Will Ferrell's character's nickname in "Old School" Frank the Tank
20%
Comic book writer and graphic novelist known for "Sin City" and "300" Frank Miller
11%
American 5-time Olympic gold medalist swimmer Missy Franklin
6%
Full name of Charlie Brown's African American friend Roosevelt Franklin
0%
No matching quizzes found
Score Distribution
Percent of People with Each Score
Percentile by Number Answered
Your Score History
You have not taken this quiz